Lost for Words: World Capitals Quiz Stats

 Plays Quiz Updated Mar 26, 2019

Score 0/20 Timer 04:00
16 Plays Today
Question Answer Wrong Answers
Brussels, Belgium Brussels Sprouts
95.8%
Carrots
1%
Broccoli
2.9%
Paris, France Paris Hilton
89.5%
Britney Spears
5.6%
Mariah Carey
3.2%
Washington, D.C., United States George Washington
88.3%
Abraham Lincoln
5.9%
Thomas Jefferson
5.3%
Wellington, New Zealand Beef Wellington
88.3%
Roast Turkey
4%
Fried Chicken
3.2%
Port-au-Prince, Haiti Prince
86%
David Bowie
4.6%
Michael Jackson
8.4%
Kingston, Jamaica Kings
82.6%
Jacks
6.2%
Queens
8.5%
Georgetown, Guyana Curious George
81.4%
Winnie the Pooh
6.1%
Cat in the Hat
9.1%
Lima, Peru Lima Beans
78.7%
Corn
2.4%
Peppers
16.9%
Manila, Philippines Manila Folder
78.5%
Stapler
9.4%
Pencil
9.6%
Sofia, Bulgaria Sofía Vergara
77.2%
Ed O'Neill
7.4%
Ty Burrell
9.9%
Seoul, South Korea Soul (James Brown)
73.2%
Metal (Metallica)
13.9%
Country (Garth Brooks)
6%
San Salvador, El Salvador Salvador Dalí
68.6%
Frida Kahlo
11.2%
Pablo Picasso
17.5%
Bridgetown, Barbados Bridge
67.8%
Lighthouse
14.5%
Boat
11.1%
Victoria, Seychelles Queen Victoria
65.3%
Henry VIII
8.8%
Queen Elizabeth II
20.3%
San Marino, San Marino Dan Marino
63%
Tom Brady
13.5%
Peyton Manning
12.9%
Port Louis, Mauritius Louis Armstrong
63%
Kenny G
17.4%
Bill Clinton
14.7%
Monrovia, Liberia Marilyn Monroe
63%
Elvis Presley
8.9%
James Dean
23.4%
Port of Spain, Trinidad and Tobago Spain
58.2%
France
26.1%
Germany
7.7%
Malé, Maldives Male
56.3%
Female
10%
Peace
29.7%
Freetown, Sierra Leone Free
53.1%
$100
17.1%
$1000
20.4%

You're not logged in!

Compare scores with friends on all Sporcle quizzes.
OR
Log In

Sporcle TV

Today on Sporcle TV


Watch our educational content, quiz creation guides, and fun videos on Sporcle TV.

Show Comments

Extras

Top Quizzes Today


Score Distribution

Your Account Isn't Verified!

In order to create a playlist on Sporcle, you need to verify the email address you used during registration. Go to your Sporcle Settings to finish the process.

Report this User

Report this user for behavior that violates our Community Guidelines.

Details: